000 00331nam a2200133Ia 4500
008 220204s9999 xx 000 0 und d
082 _a575:576.8.097
_bMAR
100 _aMARCHALONIS, John J
245 0 _aImmunity in evolution
260 _aLondon
_bEdward Arnold
_c1977
650 _aImmunity
650 _aPhylogeny
942 _cBK
999 _c28742
_d28742